Šarlatáni /

Hlavní autor: Cesbron, Gilbert, 1913-1979
Další autoři: Šup, Josef, 1910-1980
Jazyk: Čeština
Vydáno: Praha : Československý spisovatel 1975
Vydání: 1. vyd.
Edice: Svět (Československý spisovatel)
Externí odkaz: Digitalizovaný dokument
Fyzický popis: 271 s. ; 8°
Knihy
Uloženo v:
LEADER 01169nam a22003252a 4500
001 001241722
003 CZ BrMZK
005 20130424114600.0
007 ta
008 120822s1975 xr er 000 0 cze d
015 |a cnb000127109 
035 |a (OCoLC)21029474 
040 |a ABA001  |b cze  |d BOA001 
041 1 |a cze  |h fre 
080 |a 840.311.1-311.4:944"1944/1968"+92 Cesbron, G. 
100 1 |a Cesbron, Gilbert,  |d 1913-1979  |7 skuk0000221  |4 aut 
245 1 0 |a Šarlatáni /  |c Gilbert Cesbron ; přeložila Marie Janů ; doslov napsal Josef Šup 
250 |a 1. vyd. 
260 |a Praha :  |b Československý spisovatel  |c 1975 
300 |a 271 s. ;  |c 8° 
490 1 |a Svět 
500 |a 20000 výt. 
765 0 |t Voici le temps des imposteurs  |9 Česky 
700 1 |a Šup, Josef,  |d 1910-1980  |7 jk01131716  |4 waw 
830 0 |a Svět (Československý spisovatel)  |0 s 
856 4 1 |u http://www.digitalniknihovna.cz/mzk/uuid/uuid:1521bbf0-30d0-11e3-a5bb-005056827e52  |y Digitalizovaný dokument  |x NDK 
910 |a BOA001  |b 2-0739.253 
990 |a BK 
991 |b 201208 
996 7 |b 2619574349  |c 2-0739.253  |l Sklad H1  |r Sklad / do 24 hodin  |n 0  |h HS212  |w 001275709  |u 000010  |a 1  |e BOA001  |j MZK50  |s A